| 000 | 00624cam a22001691 4500 | ||
|---|---|---|---|
| 082 |
_a621.38412 _bCAR _cL-11, P-131 |
||
| 245 | 1 | 0 |
_aDesign manual for transistor circuits _c[editied by] John M. Carroll. |
| 260 |
_aNew York, _bMcGraw-Hill, _c1961. |
||
| 300 |
_ax, 381 p. _billus. _c29 cm. |
||
| 500 | _a"Articles ... published in Electronics magazine during 1958, 1959, and 1960." | ||
| 526 |
_a0 _b0 _c0 _d621_384120000000000_CAR |
||
| 526 |
_a0 _b0 _c0 _d621_384120000000000_CAR |
||
| 526 |
_a0 _b0 _c0 _d621_384120000000000_CAR |
||
| 650 | 0 |
_aTransistor circuits. _941568 |
|
| 700 | 1 |
_aCarroll, John M. _941569 |
|
| 942 |
_2ddc _cBK |
||
| 999 |
_c545638 _d545638 |
||